| 000 | 00691cam a22002411 4500 | ||
|---|---|---|---|
| 001 | ne 68000612 | ||
| 003 | DLC | ||
| 005 | 20260227111838.0 | ||
| 008 | 860127s1967 ua b 000 0 ara c | ||
| 010 | _ane 68000612 | ||
| 035 | _a(OCoLC)13067212 | ||
| 040 |
_aPrinceton Univ. Libr. _cTxU _dTxU _dDLC |
||
| 042 | _apremarc | ||
| 050 | 0 | 0 |
_aBS649.J5 _bS33 |
| 100 | 1 | _aSaqqāf, Abkār. | |
| 245 | 1 | 0 |
_aIsrāʼīl wa-ʻaqīdat al-arḍ al-mawʻūdah, _c[taʼlīf] Abkār Saqqāf. |
| 250 | _a[al-Ṭabʻah 1] | ||
| 260 |
_aal-Qāhirah, _bʻĀlam al-Kutub _c[1967] |
||
| 300 |
_a499, [5] p. _c24 cm. |
||
| 504 | _aBibliography: p. [501]-[502] | ||
| 651 | 0 | _aIsrael. | |
| 651 | 0 | _aPalestine. | |
| 999 |
_c50104 _d50104 |
||